000 00786nam a22002177a 4500
001 48475
003 UA-OsUOA
005 20210419152750.0
007 ta
008 20070906b un ||||| |||| 00| 0 ukr d
040 _aUA-OsUOA
_bukr
_cUA-OsUOA
_dUA-OsUOA
041 _aukr
080 _a82.09
090 _a82.09
_bД68
245 _aДоповіді наукової сесії інституту української літератури ім. Т. Г. Шевченка АН УРСР
260 _aК.
_bВидавництво інституту української літератури ім. Т. Г. Шевченка АН УРСР
_c1950
300 _a168 с.
650 7 _a82 Література. Літературознавство
_2UDC
942 _cBK
_2udc
955 _a1
999 _c334588
_d334588